| 000 | 01290nac a22003371i 4500 | ||
|---|---|---|---|
| 003 | EG-ScBUE | ||
| 005 | 20240416143432.0 | ||
| 008 | 240416s2001 enkac f b 001 0 eng d | ||
| 020 | _a0304358398 | ||
| 020 | _a9780304358397 | ||
| 035 | _a(OCoLC)ocm45314714 | ||
| 040 |
_aEG-ScBUE _beng _erda _cEG-ScBUE _dEG-ScBUE |
||
| 082 | 0 | 4 |
_a943.086092 _bPAD _222 |
| 100 | 1 |
_aPadfield, Peter, _eauthor. |
|
| 245 | 1 | 0 |
_aHimmler : _breichsfuĂ(hrer-SS / _cPeter Padfield. |
| 264 | 1 |
_aLondon : _bCassell, _c2001. |
|
| 300 |
_axiv, 656 pages : _billustrations, portraits ; _c24 cm |
||
| 336 |
_2rdacontent _atext _btxt |
||
| 337 |
_aunmediated _2rdamedia _bn |
||
| 338 |
_avolume _bnc _2rdacarrier |
||
| 500 | _aOriginally published: London: Macmillan, 1990. | ||
| 504 | _aIncludes bibliographical references and index. | ||
| 600 | 1 | 7 |
_aHimmler, Heinrich, _d1900-1945. _2BUEsh |
| 650 | 7 |
_aNazis _zGermany _vBiography. _2BUEsh |
|
| 650 | 7 |
_aHolocaust, Jewish (1939-1945) _2BUEsh |
|
| 650 | 7 |
_aWar criminals _zGermany _vBiography. _2BUEsh |
|
| 655 | _vReading book | ||
| 856 | 4 | 2 |
_3Contributor biographical information _uhttp://www.loc.gov/catdir/bios/orion051/2001430072.html |
| 856 | 4 | 2 |
_3Publisher description _uhttp://www.loc.gov/catdir/description/ste022/2001430072.html |
| 942 |
_cBB _2ddc |
||
| 999 |
_c9419 _d9419 |
||